Sociálna kvalita kontexte ľudského a sociálneho kapitálu v znalostnej spoločnosti

Ľudský a sociálny kapitál je považovaný za nevyhnutný pre rozvoj nových technológií a zohráva kľúčovú úlohu pri posilňovaní technologických zmien a ich šírení. Investície do ľudského a sociálneho kapitálu sú kľúčové pre rast zamestnanosti a sú účinným nástrojom v boji proti sociálnemu vylúčeniu a di...

Descripción completa

Guardado en:
Detalles Bibliográficos
Autor principal: Bugárová, Milena, 1979-
Otros Autores: Setnická, Ivana
Formato: Capítulo de libro
Lenguaje:eslovaco
Materias:
Etiquetas: Agregar Etiqueta
Sin Etiquetas, Sea el primero en etiquetar este registro!

MARC

LEADER 00000nla a2200000 4500
001 0211245
005 20240502073524.7
041 0 |a slo 
044 |a SK 
245 1 0 |a Sociálna kvalita kontexte ľudského a sociálneho kapitálu v znalostnej spoločnosti  |c Milena Bugárová, Ivana Setnická 
520 |a Ľudský a sociálny kapitál je považovaný za nevyhnutný pre rozvoj nových technológií a zohráva kľúčovú úlohu pri posilňovaní technologických zmien a ich šírení. Investície do ľudského a sociálneho kapitálu sú kľúčové pre rast zamestnanosti a sú účinným nástrojom v boji proti sociálnemu vylúčeniu a diskriminácii. 
610 2 0 |a kapitál sociálny 
610 2 0 |a rast hospodársky 
610 2 0 |a zamestnanosť 
610 2 0 |a kapitál ľudský 
610 2 0 |a rast hospodársky 
610 2 0 |a spoločnosť vedomostná 
610 2 0 |a kvalita sociálna 
100 1 |a Bugárová, Milena, 1979- 
700 1 |a Setnická, Ivana